Consultation document on amendments to the Scheme for Construction Contracts (Scotland) Regulations 1998 and the Construction Contracts (Scotland) Exclusion Order 1998 (Record no. 111929)

MARC details
000 -LEADER
fixed length control field 01144cad a22002295a 4500
001 - CONTROL NUMBER
control field E152226
008 - FIXED-LENGTH DATA ELEMENTS--GENERAL INFORMATION
fixed length control field 110214s2011 xxk f 000 0 eng d
020 ## - INTERNATIONAL STANDARD BOOK NUMBER
International Standard Book Number 9780755999705
035 ## - SYSTEM CONTROL NUMBER
System control number (Sirsi) u152226
041 0# - LANGUAGE CODE
Language code of text/sound track or separate title eng
110 2# - MAIN ENTRY--CORPORATE NAME
Corporate name or jurisdiction name as entry element Scotland
Subordinate unit Scottish Government
9 (RLIN) 5344
245 00 - TITLE STATEMENT
Title Consultation document on amendments to the Scheme for Construction Contracts (Scotland) Regulations 1998 and the Construction Contracts (Scotland) Exclusion Order 1998
Medium [electronic resource]
260 ## - PUBLICATION, DISTRIBUTION, ETC.
Place of publication, distribution, etc. Edinburgh
Name of publisher, distributor, etc. Scottish Government
Date of publication, distribution, etc. 2011
520 ## - SUMMARY, ETC.
Summary, etc. Seeks views on various proposed amendments to the Scheme for Construction Contracts (Scotland) Regulations 1998 and the Construction Contracts (Scotland) Exclusion Order 1998. Deadline for comments is 1 April 2011.
590 ## - LOCAL NOTE (RLIN)
Local note KA
650 24 - SUBJECT ADDED ENTRY--TOPICAL TERM
Topical term or geographic name entry element SCHEME FOR CONSTRUCTION CONTRACTS (SCOTLAND) REGULATIONS 1998
650 24 - SUBJECT ADDED ENTRY--TOPICAL TERM
Topical term or geographic name entry element CONSTRUCTION CONTRACTS (SCOTLAND) EXCLUSION ORDER 1998
651 #4 - SUBJECT ADDED ENTRY--GEOGRAPHIC NAME
Geographic name Scotland
Chronological subdivision 1999-
690 ## - LOCAL SUBJECT ADDED ENTRY--TOPICAL TERM (OCLC, RLIN)
Topical term or geographic name as entry element Procurement
9 (RLIN) 6260
856 40 - ELECTRONIC LOCATION AND ACCESS
Uniform Resource Identifier <a href="https://www.scotland.gov.uk/Publications/2011/02/07083135/0">https://www.scotland.gov.uk/Publications/2011/02/07083135/0</a>
Public note View the consultation free of charge at www.scotland.gov.uk
942 ## - ADDED ENTRY ELEMENTS (KOHA)
Suppress in OPAC 0
Holdings
Withdrawn status Lost status Source of classification or shelving scheme Damaged status Not for loan Home library Current library Shelving location Date acquired Total Checkouts Full call number Barcode Date last seen Copy number Price effective from Koha item type
    Dewey Decimal Classification     Virtual Virtual Online 14/02/2011   ONLINE PUBLICATION 152226-1001 06/08/2019 1 06/08/2019 Book